[Event "2. Bundesliga West 2012/13"]
[Site "Rum"]
[Date "2012.12.02"]
[Round "6"]
[Board "4"]
[White "Engelhart, Achim"]
[Black "Neuschmied, Siegfried"]
[Result "0-1"]
[WhiteElo "2130"]
[BlackElo "2239"]
[PlyCount "150"]
[EventDate "2012.10.05"]
[EventType "team"]
[EventRounds "11"]
[EventCountry "AUT"]
[WhiteTeam "Goetzis"]
[BlackTeam "Kufstein / Woergl"]

1. e4 d6 2. d4 Nf6 3. Nc3 g6 4. f4 Bg7 5. Nf3 O-O 6. Bd3 Nc6 7. e5 dxe5 8. fxe5
Nh5 9. Be3 Bg4 10. Be2 f6 11. exf6 exf6 12. O-O Ne7 13. Bc4+ Kh8 14. h3 Nf5 15.
Bf2 Bxf3 16. Qxf3 Nd6 17. Bb3 f5 18. Rfe1 Qg5 19. Rad1 a6 20. a3 Rae8 21. Be3
Qh4 22. d5 Be5 23. Bf2 Bg3 24. Bxg3 Nxg3 25. Re6 Nh5 26. Qe3 Nf4 27. Rxe8 Rxe8
28. Qf2 Qg5 29. Kh2 Kg7 30. Qg3 Qh6 31. Rf1 Nh5 32. Qf2 Qg5 33. Re1 Ne4 34.
Nxe4 fxe4 35. Qe3 Qe5+ 36. Kg1 Qxb2 37. a4 Qe5 38. c4 b6 39. Bc2 Nf6 40. Bb3 a5
41. c5 Nd7 42. cxb6 cxb6 43. Bc4 Nc5 44. Bb5 Rf8 45. Bc6 Rf6 46. Rb1 Qf4 47.
Qxf4 Rxf4 48. Rxb6 e3 49. Bb5 Nxa4 50. Bxa4 Rxa4 51. Re6 Ra1+ 52. Kh2 Rd1 53.
Rxe3 Rxd5 54. Re7+ Kg8 55. Ra7 h5 56. Kg3 g5 57. Kf3 Kf8 58. Ke4 Rb5 59. Rh7 h4
60. Ra7 Ke8 61. Kf3 Kd8 62. Kg4 Kc8 63. Re7 Kb8 64. Re3 Kb7 65. g3 hxg3 66.
Rxg3 Kb6 67. h4 gxh4 68. Kxh4 a4 69. Rg6+ Ka5 70. Rg8 a3 71. Kg3 Ka4 72. Kf2 a2
73. Rg1 Rb1 74. Rg4+ Kb3 75. Rg3+ Kb2 0-1

[Event "2. Bundesliga West 2012/13"]
[Site "Rum"]
[Date "2012.12.02"]
[Round "6"]
[Board "5"]
[White "Rusche, Johannes"]
[Black "Kranz, Armin"]
[Result "1-0"]
[WhiteElo "2220"]
[BlackElo "2142"]
[PlyCount "41"]
[EventDate "2012.10.05"]
[EventType "team"]
[EventRounds "11"]
[EventCountry "AUT"]
[WhiteTeam "Kufstein / Woergl"]
[BlackTeam "Goetzis"]

1. e4 e5 2. Nf3 Nf6 3. Nxe5 d6 4. Nf3 Nxe4 5. d4 d5 6. Bd3 Nc6 7. O-O Be7 8.
Re1 Bg4 9. c4 Nf6 10. cxd5 Nxd5 11. Nc3 O-O 12. Nxd5 Qxd5 13. Be4 Qd6 14. Bxc6
bxc6 15. h3 Be6 16. Qc2 h6 17. Be3 a5 18. Ne5 Bd5 19. Bf4 Qf6 20. Bg3 Rfd8 21.
Ng4 1-0

[Event "2. Bundesliga West 2012/13"]
[Site "Rum"]
[Date "2012.12.02"]
[Round "6"]
[Board "6"]
[White "Becker, Matthias"]
[Black "Steinbacher, Thomas"]
[Result "0-1"]
[WhiteElo "2018"]
[BlackElo "2072"]
[PlyCount "84"]
[EventDate "2012.10.05"]
[EventType "team"]
[EventRounds "11"]
[EventCountry "AUT"]
[WhiteTeam "Goetzis"]
[BlackTeam "Kufstein / Woergl"]

1. Nf3 d5 2. d4 c6 3. g3 Bf5 4. Bg2 e6 5. O-O Bd6 6. c4 Nf6 7. Qb3 Qb6 8. Bf4
Bxf4 9. gxf4 dxc4 10. Qxc4 Qxb2 11. Nbd2 Nbd7 12. Rae1 Ne4 13. Nxe4 Bxe4 14.
Ng5 b5 15. Qc1 Qxc1 16. Rxc1 Bxg2 17. Kxg2 Rc8 18. Rc2 Nb6 19. Nf3 f6 20. Rfc1
Kd7 21. Nd2 Nd5 22. Kf3 Rc7 23. Nb3 Kd6 24. Na5 Rhc8 25. a3 h6 26. e4 Nb6 27.
Ke3 Kd7 28. h4 Na4 29. Nb3 Rb8 30. Na5 Rb6 31. Rg1 Ke8 32. Rgc1 Ra6 33. Rxc6
Rcxc6 34. Nxc6 Nb6 35. d5 exd5 36. exd5 Nxd5+ 37. Kd4 Nxf4 38. Re1+ Kf8 39. Nb4
Rxa3 40. Re4 Ra4 41. Kc5 Nd3+ 42. Kxb5 Rxb4+ 0-1

[Event "2. Bundesliga West 2012/13"]
[Site "Rum"]
[Date "2012.12.02"]
[Round "6"]
[Board "1"]
[White "Zelcic, Robert"]
[Black "Breder, Dennis"]
[Result "0-1"]
[WhiteElo "2554"]
[BlackElo "2438"]
[PlyCount "89"]
[EventDate "2012.10.05"]
[EventType "team"]
[EventRounds "11"]
[EventCountry "AUT"]
[WhiteTeam "Schwarzach"]
[BlackTeam "Hohenems II"]

1. e4 e5 2. Nf3 Nc6 3. d4 exd4 4. Bc4 Nf6 5. e5 d5 6. Bb5 Ne4 7. Nxd4 Bc5 8.
Be3 O-O 9. Nxc6 bxc6 10. Bxc5 Nxc5 11. Bxc6 Rb8 12. O-O Rxb2 13. Bxd5 Ba6 14.
c4 c6 15. Qd4 Na4 16. Qxa7 Rb6 17. Bf3 Qd4 18. Na3 Qc5 19. Nc2 Qxc4 20. Ne3 Qe6
21. Rfe1 Re8 22. Rad1 Bb5 23. Qc7 Rbb8 24. Nc2 Nb2 25. Rd6 Qc8 26. Qa7 Ra8 27.
Qd4 Nd3 28. Re3 Rxa2 29. Bd1 Nb2 30. e6 fxe6 31. Bg4 c5 32. Bxe6+ Qxe6 33. Qxc5
Qc4 34. Rxe8+ Bxe8 35. Qe5 Ra1+ 36. Ne1 Qb5 37. Qe6+ Kf8 38. Rd4 Nd3 39. Re4
Rxe1+ 40. Rxe1 Nxe1 41. Qxe1 Bg6 42. h3 Qb1 43. Qxb1 Bxb1 44. f4 Kf7 45. Kf2
0-1

[Event "2. Bundesliga West 2012/13"]
[Site "Rum"]
[Date "2012.12.02"]
[Round "6"]
[Board "2"]
[White "Froewis, Georg"]
[Black "Hecht, Hans-Joachim"]
[Result "1-0"]
[WhiteElo "2366"]
[BlackElo "2357"]
[PlyCount "97"]
[EventDate "2012.10.05"]
[EventType "team"]
[EventRounds "11"]
[EventCountry "AUT"]
[WhiteTeam "Hohenems II"]
[BlackTeam "Schwarzach"]

1. g3 c5 2. Bg2 Nc6 3. c4 g6 4. e3 Bg7 5. Ne2 e5 6. Nbc3 Nge7 7. O-O O-O 8. Nd5
d6 9. Nec3 Nxd5 10. Nxd5 Ne7 11. f4 Nxd5 12. Bxd5 Bh3 13. Rf2 Qd7 14. Rb1 Be6
15. Qf3 f5 16. d3 Rae8 17. b4 e4 18. dxe4 Bxd5 19. exd5 Re4 20. Qe2 Rfe8 21.
Qc2 cxb4 22. Rxb4 Rc8 23. Qb3 b6 24. Rc2 Bf6 25. a4 Rc7 26. Kf2 h5 27. Bb2 Qg7
28. Bxf6 Qxf6 29. Qc3 Qxc3 30. Rxc3 Rc5 31. Ke2 Rxd5 32. cxd5 Rxb4 33. Rc8+ Kg7
34. Rc7+ Kh6 35. Rxa7 Rb2+ 36. Kd3 Rxh2 37. Rd7 Rg2 38. Rxd6 Rxg3 39. Rxb6 Rg1
40. Rb2 Ra1 41. d6 Rxa4 42. d7 Ra8 43. Kc4 Rd8 44. Rd2 h4 45. Kc5 g5 46. fxg5+
Kxg5 47. Kd6 h3 48. Rf2 Rh8 49. Kc7 1-0

[Event "2. Bundesliga West 2012/13"]
[Site "Rum"]
[Date "2012.12.02"]
[Round "6"]
[Board "3"]
[White "Mikulic, Oliver"]
[Black "Gaertner, Guntram"]
[Result "1/2-1/2"]
[WhiteElo "2128"]
[BlackElo "2331"]
[PlyCount "226"]
[EventDate "2012.10.05"]
[EventType "team"]
[EventRounds "11"]
[EventCountry "AUT"]
[WhiteTeam "Schwarzach"]
[BlackTeam "Hohenems II"]

1. e4 c6 2. d4 d5 3. Nc3 dxe4 4. Nxe4 Bf5 5. Ng3 Bg6 6. h4 h6 7. Nf3 Nd7 8. Bd3
Bxd3 9. Qxd3 e6 10. Bf4 Qa5+ 11. Nd2 Ngf6 12. O-O Nh5 13. Be3 Nxg3 14. fxg3 Qc7
15. Ne4 Be7 16. Bf4 Qd8 17. Nd6+ Bxd6 18. Bxd6 Nb6 19. Bc5 Nd5 20. c4 Nf6 21.
Rae1 Qd7 22. Qa3 h5 23. Bd6 b6 24. Be5 Ng4 25. Bd6 Nf6 26. Be5 Rh6 27. Rf5
O-O-O 28. Rg5 Ne8 29. Qa6+ Qb7 30. Qxb7+ Kxb7 31. Bxg7 Rh7 32. Rf1 Nd6 33. Bf6
Rd7 34. g4 hxg4 35. c5 Nf5 36. Rgxf5 exf5 37. Rxf5 bxc5 38. Rxc5 Rd5 39. Rxd5
cxd5 40. Kf2 Rh6 41. Bg5 Rg6 42. Kg3 Kc6 43. Kxg4 Kd7 44. h5 Rb6 45. Kf5 Ke8
46. b4 Kf8 47. a3 Kg7 48. Bd8 Ra6 49. Ke5 Rxa3 50. g4 Rb3 51. Bf6+ Kh6 52. Be7
Re3+ 53. Kd6 Re6+ 54. Kd7 Re4 55. Ke8 Rxg4 56. Bf6 Rg8+ 57. Kxf7 Rb8 58. Be7
Rb6 59. Bc5 Ra6 60. Ke7 Kxh5 61. Bd6 Kg6 62. Ke6 Ra2 63. Bc5 a6 64. Bb6 Rc2 65.
Kxd5 Kf7 66. Kd6 Ke8 67. d5 Rc1 68. Bc5 Kd8 69. Kc6 Kc8 70. d6 Rd1 71. Kb6 Ra1
72. Kc6 Rd1 73. Kb6 Kd7 74. Kxa6 Kc6 75. Ka7 Rh1 76. Kb8 Rh8+ 77. Ka7 Rd8 78.
Ka6 Rd7 79. Ka5 Rf7 80. Ka4 Rf3 81. Ba7 Kxd6 82. Kb5 Kc7 83. Bc5 Kb7 84. Be7
Rf5+ 85. Bc5 Rh5 86. Kc4 Ka6 87. Kd4 Kb5 88. Ke4 Kc4 89. Bf8 Rh8 90. Bc5 Re8+
91. Kf5 Kd5 92. Kf4 Re1 93. Kf3 Rb1 94. Kf4 Rb3 95. Bf8 Rb2 96. Bc5 Rb1 97. Kf3
Rf1+ 98. Ke2 Rf7 99. Ke3 Rf6 100. Ke2 Ke4 101. Kd2 Rf3 102. Ke2 Rh3 103. Kd2
Ra3 104. Kc2 Kd5 105. Kd2 Ke4 106. Kc2 Rh3 107. Kd2 Rh5 108. Kc2 Kd5 109. Kd3
Rh3+ 110. Ke2 Kc4 111. Kd2 Rh5 112. Ke3 Rxc5 113. bxc5 Kxc5 1/2-1/2

[Event "2. Bundesliga West 2012/13"]
[Site "Rum"]
[Date "2012.12.02"]
[Round "6"]
[Board "4"]
[White "Atlas, Dmitry"]
[Black "Ljubic, Juro"]
[Result "1/2-1/2"]
[WhiteElo "2255"]
[BlackElo "2193"]
[PlyCount "56"]
[EventDate "2012.10.05"]
[EventType "team"]
[EventRounds "11"]
[EventCountry "AUT"]
[WhiteTeam "Hohenems II"]
[BlackTeam "Schwarzach"]

1. e4 c5 2. c3 g6 3. d4 cxd4 4. cxd4 d5 5. Nc3 dxe4 6. Bc4 Nf6 7. Qb3 e6 8. d5
Qb6 9. dxe6 Bxe6 10. Qxb6 axb6 11. Bxe6 fxe6 12. Nge2 Nbd7 13. O-O Bg7 14. Rd1
Nc5 15. Be3 O-O 16. Rd6 Ng4 17. Rxb6 Nxe3 18. fxe3 Rfd8 19. Rb5 Rac8 20. Rc1
Bh6 21. Nf4 Nd3 22. Rc2 Nxf4 23. exf4 Rc7 24. Re2 Bxf4 25. Rxe4 Bd2 26. Rxe6
Bxc3 27. bxc3 Rd1+ 28. Kf2 Rd2+ 1/2-1/2

[Event "2. Bundesliga West 2012/13"]
[Site "Rum"]
[Date "2012.12.02"]
[Round "6"]
[Board "5"]
[White "Stoeckl, Norbert"]
[Black "Kessler, Luca"]
[Result "0-1"]
[WhiteElo "2057"]
[BlackElo "2242"]
[PlyCount "64"]
[EventDate "2012.10.05"]
[EventType "team"]
[EventRounds "11"]
[EventCountry "AUT"]
[WhiteTeam "Schwarzach"]
[BlackTeam "Hohenems II"]

1. e4 c6 2. d3 d5 3. Nd2 e5 4. Ngf3 Bd6 5. g3 Nf6 6. Bg2 O-O 7. O-O Re8 8. Qe1
Qc7 9. Nh4 a5 10. Ndf3 Nbd7 11. Nf5 Bf8 12. N3h4 b6 13. b3 dxe4 14. dxe4 Ba6
15. c4 b5 16. Ne3 Nc5 17. Bd2 a4 18. Ba5 Qa7 19. Qb1 Rab8 20. Bc3 bxc4 21. b4
Nd3 22. a3 Nxf2 23. Rxf2 Qxe3 24. Bd2 Qd3 25. Qe1 c5 26. Rf3 Qxe4 27. Re3 Qg4
28. Bc6 Red8 29. Bc3 cxb4 30. axb4 Qc8 31. Bxa4 Nd5 32. Bxe5 Bxb4 0-1

[Event "2. Bundesliga West 2012/13"]
[Site "Rum"]
[Date "2012.12.02"]
[Round "6"]
[Board "6"]
[White "Sandholzer, Robert"]
[Black "Hajdarevic, Dino"]
[Result "1/2-1/2"]
[WhiteElo "2155"]
[BlackElo "2044"]
[PlyCount "116"]
[EventDate "2012.10.05"]
[EventType "team"]
[EventRounds "11"]
[EventCountry "AUT"]
[WhiteTeam "Hohenems II"]
[BlackTeam "Schwarzach"]

1. e4 d6 2. d4 Nf6 3. Nc3 g6 4. g3 Bg7 5. Bg2 O-O 6. Nge2 Nbd7 7. O-O c5 8. h3
cxd4 9. Nxd4 Nc5 10. Be3 Bd7 11. Kh2 Rc8 12. g4 a6 13. a4 e5 14. Nde2 Bc6 15.
Ng3 Qe7 16. Qe2 Ne6 17. Qd2 Nd4 18. Nge2 Ne6 19. Rfd1 Rfd8 20. Qe1 Nc5 21. Ng3
Ne6 22. Bb6 Rd7 23. b4 Nd4 24. Nge2 Nxc2 25. Qd2 Nxa1 26. Rxa1 Rdd8 27. Bxd8
Rxd8 28. b5 axb5 29. axb5 Bd7 30. Ra7 Be6 31. Qe3 Qc7 32. Na4 Bxg4 33. Nec3 Be6
34. Qb6 Qxb6 35. Nxb6 Rb8 36. Bf1 Bf8 37. f3 Be7 38. Nca4 Kf8 39. Na8 Bd8 40.
b6 Bd7 41. Nc3 Bc6 42. Bb5 Bxb5 43. Nxb5 Ke7 44. Nac7 Nd7 45. Nd5+ Kf8 46. Nxd6
Nxb6 47. Rxb7 Rxb7 48. Nxb7 Nxd5 49. Nxd8 Nb4 50. Nb7 Ke7 51. Nc5 Kd6 52. Nb3
Nd3 53. Kg3 Nc5 54. Nd2 Ke6 55. Nc4 f5 56. exf5+ gxf5 57. Kh4 Nd7 58. Kg5 Nf6
1/2-1/2

[Event "2. Bundesliga West 2012/13"]
[Site "Rum"]
[Date "2012.12.02"]
[Round "6"]
[Board "1"]
[White "Besner, Bernhard"]
[Black "Serafimov, Tervel"]
[Result "0-1"]
[WhiteElo "2182"]
[BlackElo "2425"]
[PlyCount "138"]
[EventDate "2012.10.05"]
[EventType "team"]
[EventRounds "11"]
[EventCountry "AUT"]
[WhiteTeam "ASK 1"]
[BlackTeam "Bregenz"]

1. e4 c6 2. d4 g6 3. Nc3 d5 4. Nf3 Bg7 5. Be3 dxe4 6. Nxe4 Nd7 7. Qd2 Ngf6 8.
Nxf6+ Nxf6 9. Bd3 a5 10. c3 h6 11. Bf4 Bf5 12. O-O Bxd3 13. Qxd3 O-O 14. Rfe1
e6 15. Qd2 Kh7 16. Be5 a4 17. Re2 Qd5 18. Qf4 Qc4 19. Qd2 Nd7 20. Bxg7 Kxg7 21.
Qe3 Ra5 22. Nd2 Qd5 23. c4 Qh5 24. Nf3 Kg8 25. Rae1 Raa8 26. h3 Kh7 27. Qf4 Qa5
28. Nh2 Rac8 29. c5 Qc7 30. Qh4 Qd8 31. Qf4 Qg5 32. Qe4 Qd5 33. Qh4 Kg7 34. Ng4
Qg5 35. Qg3 h5 36. f4 Qd8 37. Ne5 Nxe5 38. dxe5 Qd4+ 39. Qf2 Rcd8 40. Re4 Qxf2+
41. Kxf2 Rd5 42. Rc1 Rd2+ 43. Re2 Rd4 44. Kf3 Rfd8 45. Rcc2 Rb4 46. Red2 Rd5
47. Rxd5 cxd5 48. g3 Kf8 49. Ke3 Ke7 50. Rd2 Kd7 51. Rc2 Kc6 52. h4 Kb5 53. Kd3
Rc4 54. Rg2 Kxc5 55. b3 axb3 56. axb3 Rc1 57. Kd2 Rf1 58. Ke3 d4+ 59. Kd2 Rf3
60. Kc2 Rc3+ 61. Kb2 Kb4 62. Ka2 d3 63. g4 Rc2+ 64. Rxc2 dxc2 65. Kb2 hxg4 66.
f5 exf5 67. e6 fxe6 68. h5 gxh5 69. Ka2 Kc3 0-1

[Event "2. Bundesliga West 2012/13"]
[Site "Rum"]
[Date "2012.12.02"]
[Round "6"]
[Board "2"]
[White "Weindl, Alfred"]
[Black "Harringer, Franz"]
[Result "1-0"]
[WhiteElo "2329"]
[BlackElo "2214"]
[PlyCount "55"]
[EventDate "2012.10.05"]
[EventType "team"]
[EventRounds "11"]
[EventCountry "AUT"]
[WhiteTeam "Bregenz"]
[BlackTeam "ASK 1"]

1. c4 g6 2. Nc3 Bg7 3. Nf3 d6 4. d4 f5 5. e4 Nf6 6. Bd3 fxe4 7. Nxe4 O-O 8. O-O
e5 9. dxe5 dxe5 10. Nfg5 Nc6 11. Nxf6+ Qxf6 12. Nxh7 Kxh7 13. Qh5+ Kg8 14. Bxg6
Rf7 15. Bg5 Qe6 16. f4 exf4 17. Rae1 Ne5 18. Qh7+ Kf8 19. Bxf7 Nf3+ 20. gxf3
Qxf7 21. Be7+ Ke8 22. Bf6+ Kf8 23. Bxg7+ Qxg7+ 24. Qxg7+ Kxg7 25. Re8 b6 26.
Rfe1 Bb7 27. Rxa8 Bxa8 28. Re7+ 1-0

[Event "2. Bundesliga West 2012/13"]
[Site "Rum"]
[Date "2012.12.02"]
[Round "6"]
[Board "3"]
[White "Juergens, Klaus"]
[Black "Dobosz, Henryk"]
[Result "0-1"]
[WhiteElo "2170"]
[BlackElo "2385"]
[PlyCount "30"]
[EventDate "2012.10.05"]
[EventType "team"]
[EventRounds "11"]
[EventCountry "AUT"]
[WhiteTeam "ASK 1"]
[BlackTeam "Bregenz"]

1. Nf3 d5 2. g3 Bg4 3. Bg2 Nd7 4. c4 e6 5. cxd5 exd5 6. Qa4 Ngf6 7. Ne5 Be6 8.
d4 c6 9. Nd3 Bf5 10. O-O Bd6 11. Bf4 Bxd3 12. Bxd6 Bxb1 13. Raxb1 Nb6 14. Qb4
a5 15. Qc5 Nc4 0-1

[Event "2. Bundesliga West 2012/13"]
[Site "Rum"]
[Date "2012.12.02"]
[Round "6"]
[Board "5"]
[White "Scheiblmaier, Robert"]
[Black "Poettinger, Harald"]
[Result "1/2-1/2"]
[WhiteElo "2135"]
[BlackElo "2238"]
[PlyCount "63"]
[EventDate "2012.10.05"]
[EventType "team"]
[EventRounds "11"]
[EventCountry "AUT"]
[WhiteTeam "ASK 1"]
[BlackTeam "Bregenz"]

1. d4 d6 2. e4 Nf6 3. f3 Nbd7 4. c4 e5 5. d5 Be7 6. Be3 O-O 7. Qd2 c6 8. Nc3
cxd5 9. cxd5 a6 10. Bd3 b5 11. b4 Nb6 12. a4 Nxa4 13. Nxa4 bxa4 14. Rxa4 Qd7
15. Qa2 Rb8 16. Ne2 Bd8 17. O-O Bb6 18. Bxb6 Rxb6 19. Ra1 Ne8 20. g4 Qa7 21.
Kg2 Nc7 22. Qd2 Bd7 23. R4a2 Rfb8 24. Rb1 R8b7 25. Rc2 Qb8 26. Rbc1 Nb5 27. Rc6
Na7 28. Bxa6 Bxc6 29. dxc6 Rc7 30. b5 Nxb5 31. Bxb5 Rxb5 32. Qxd6 1/2-1/2

[Event "2. Bundesliga West 2012/13"]
[Site "Rum"]
[Date "2012.12.02"]
[Round "6"]
[Board "6"]
[White "Mira, Helene"]
[Black "Herrmann, Michael"]
[Result "1/2-1/2"]
[WhiteElo "2084"]
[BlackElo "2149"]
[PlyCount "60"]
[EventDate "2012.10.05"]
[EventType "team"]
[EventRounds "11"]
[EventCountry "AUT"]
[WhiteTeam "Bregenz"]
[BlackTeam "ASK 1"]

1. Nf3 d5 2. d4 Nf6 3. c4 c6 4. Nc3 a6 5. c5 Bf5 6. Bf4 Nbd7 7. h3 h6 8. e3 e6
9. Bd3 Bxd3 10. Qxd3 Be7 11. O-O O-O 12. Rac1 Re8 13. Bh2 Qc8 14. Nd2 Bd8 15.
e4 dxe4 16. Ndxe4 Nxe4 17. Nxe4 Bc7 18. Bxc7 Qxc7 19. Nd6 Re7 20. f4 Nf6 21.
Rce1 Ne8 22. Nc4 Rd8 23. f5 exf5 24. Rxe7 Qxe7 25. Rxf5 f6 26. Kf2 Qe6 27. Rf4
Qd5 28. Qe2 Qf7 29. b3 Rd5 30. Re4 Kf8 1/2-1/2

[Event "2. Bundesliga West 2012/13"]
[Site "Bregenz"]
[Date "2013.01.12"]
[Round "7"]
[Board "1"]
[White "Schmidt, Georg"]
[Black "Fedorovsky, Michael"]
[Result "1-0"]
[WhiteElo "2347"]
[BlackElo "2401"]
[PlyCount "85"]
[EventDate "2012.10.05"]
[EventType "team"]
[EventRounds "11"]
[EventCountry "AUT"]
[WhiteTeam "Mozart-Wals-Treuhand"]
[BlackTeam "Rochade Rum"]

1. g3 e5 2. Bg2 d6 3. d3 g6 4. b3 Bg7 5. Bb2 Ne7 6. e3 O-O 7. Ne2 c5 8. c4 Nbc6
9. Nbc3 Rb8 10. Qd2 a6 11. Nd5 b5 12. O-O Be6 13. f4 f5 14. Rac1 b4 15. Nxe7+
Nxe7 16. fxe5 dxe5 17. d4 Qc7 18. d5 Rbd8 19. e4 Qd6 20. Rce1 fxe4 21. Rxf8+
Rxf8 22. Qe3 Bc8 23. Bxe4 Bh3 24. Bg2 Bxg2 25. Kxg2 Nf5 26. Qe4 Qf6 27. Nf4 Re8
28. Ne6 Nd4 29. Nxd4 cxd4 30. Bxd4 Rf8 31. Be3 Qf5 32. Bc5 Rc8 33. Qxf5 gxf5
34. Bxb4 Kf7 35. Bc3 e4 36. Bxg7 Kxg7 37. Kf2 Kf6 38. Ke3 Ke5 39. Rd1 Rd8 40.
b4 h5 41. d6 Rxd6 42. Rxd6 Kxd6 43. Kd4 1-0

[Event "2. Bundesliga West 2012/13"]
[Site "Bregenz"]
[Date "2013.01.12"]
[Round "7"]
[Board "2"]
[White "Heinzel, Olaf"]
[Black "Panteleev, Petar"]
[Result "1/2-1/2"]
[WhiteElo "2363"]
[BlackElo "2306"]
[PlyCount "169"]
[EventDate "2012.10.05"]
[EventType "team"]
[EventRounds "11"]
[EventCountry "AUT"]
[WhiteTeam "Rochade Rum"]
[BlackTeam "Mozart-Wals-Treuhand"]

1. Nf3 d5 2. d4 c6 3. g3 Nf6 4. Bg2 Bg4 5. O-O Nbd7 6. c4 e6 7. b3 Bd6 8. Bb2
h6 9. Nbd2 Qe7 10. Ne5 Bf5 11. h3 O-O 12. a3 Bh7 13. b4 Ne4 14. Nxe4 dxe4 15.
Qb3 f6 16. Nxd7 Qxd7 17. Rad1 f5 18. d5 cxd5 19. cxd5 e5 20. f3 exf3 21. exf3
Qe7 22. Rfe1 e4 23. f4 Bg6 24. Bf1 Kh7 25. Kh1 Rg8 26. Bg2 Be8 27. Bd4 Bd7 28.
Qe3 b6 29. g4 Rae8 30. gxf5 Bxf5 31. Be5 Bxe5 32. Bxe4 Bd6 33. Bxf5+ g6 34.
Qxe7+ Rxe7 35. Rxe7+ Bxe7 36. Be6 Rd8 37. Kg2 Kg7 38. Kf3 Kf6 39. Ke4 Bd6 40.
Rd4 Ra8 41. Rc4 Ke7 42. Rc3 Rf8 43. Rf3 g5 44. f5 h5 45. Rf1 a5 46. Rc1 axb4
47. axb4 Bxb4 48. Rc6 Bd6 49. Rxb6 g4 50. Rb7+ Kf6 51. hxg4 hxg4 52. Rh7 Kg5
53. Rg7+ Kh4 54. Rd7 Bb4 55. d6 Kg3 56. Kd5 Kf2 57. Rb7 Bd2 58. Rb2 Ke2 59. Ke4
g3 60. Rxd2+ Kxd2 61. Kf3 g2 62. Kxg2 Ke3 63. Kg3 Ke4 64. Kg4 Ke5 65. d7 Kf6
66. Kf4 Ra8 67. Ke4 Ke7 68. Kd5 Ra5+ 69. Kc6 Ra6+ 70. Kd5 Ra5+ 71. Ke4 Ra4+ 72.
Ke5 Ra5+ 73. Kf4 Ra1 74. f6+ Kd8 75. Kg5 Rg1+ 76. Bg4 Rf1 77. Kg6 Rf2 78. Bf5
Rg2+ 79. Kh5 Rf2 80. Kg5 Rg2+ 81. Kf4 Rf2+ 82. Ke5 Re2+ 83. Kf4 Rf2+ 84. Ke4
Re2+ 85. Kf4 1/2-1/2

[Event "2. Bundesliga West 2012/13"]
[Site "Bregenz"]
[Date "2013.01.12"]
[Round "7"]
[Board "3"]
[White "Hanel, Reinhard"]
[Black "Hengl, Christian"]
[Result "1/2-1/2"]
[WhiteElo "2286"]
[BlackElo "2231"]
[PlyCount "71"]
[EventDate "2012.10.05"]
[EventType "team"]
[EventRounds "11"]
[EventCountry "AUT"]
[WhiteTeam "Mozart-Wals-Treuhand"]
[BlackTeam "Rochade Rum"]

d6 9. e3 Bxc3+ 10. bxc3 Qe8 11. Ba3 Qf7 12. h5 Rd8 13. Be2 b6 14. Qa4 Na5 15.
c5 d5 16. c6 Be6 17. Bb4 Nc4 18. h6 a5 19. Ba3 g6 20. Bxc4 dxc4 21. Rb1 Nd5 22.
Nxe6 Qxe6 23. Qxc4 f4 24. Rb5 Qf7 25. exf4 Nxf4 26. Qxf7+ Kxf7 27. g3 Rd5 28.
Rxd5 Nxd5 29. c4 Nb4 30. Kd2 Nxc6 31. d5 Ne5 32. Kc3 Nf3 33. Bc1 g5 34. Be3 Rd8
35. a4 Kg6 36. c5 1/2-1/2

[Event "2. Bundesliga West 2012/13"]
[Site "Bregenz"]
[Date "2013.01.12"]
[Round "7"]
[Board "4"]
[White "Hoellrigl, Wilfried"]
[Black "Opl, Klaus"]
[Result "1-0"]
[WhiteElo "2199"]
[BlackElo "2318"]
[PlyCount "79"]
[EventDate "2012.10.05"]
[EventType "team"]
[EventRounds "11"]
[EventCountry "AUT"]
[WhiteTeam "Rochade Rum"]
[BlackTeam "Mozart-Wals-Treuhand"]

9. h3 h6 10. d4 b6 11. Na3 cxd4 12. cxd4 exd4 13. Nxd4 Nxd4 14. Qxd4 Bb7 15.
Qd3 d5 16. e5 Ne4 17. f4 Qc8 18. Bd2 Qc5+ 19. Be3 Qa5 20. Bd4 Rfd8 21. Kh2 Rac8
22. g4 Bf8 23. f5 Bb4 24. Red1 gxf5 25. gxf5 Kh7 26. f6 Rg8 27. Qf3 Bxa3 28.
bxa3 Rc2 29. Rg1 Qd2 30. Rad1 Qg5 31. e6 fxe6 32. f7 Rf8 33. Rdf1 Ba6 34. Kh1
e5 35. Qxe4+ dxe4 36. Bxe4+ Kh8 37. Rxg5 exd4 38. Rg8+ Rxg8 39. fxg8=Q+ Kxg8
40. Rg1+ 1-0

[Event "2. Bundesliga West 2012/13"]
[Site "Bregenz"]
[Date "2013.01.12"]
[Round "7"]
[Board "5"]
[White "Peterwagner, Heinz"]
[Black "Jedinger, Andreas"]
[Result "1-0"]
[WhiteElo "2129"]
[BlackElo "2174"]
[PlyCount "0"]
[EventDate "2012.10.05"]
[EventType "team"]
[EventRounds "11"]
[EventCountry "AUT"]
[WhiteTeam "Mozart-Wals-Treuhand"]
[BlackTeam "Rochade Rum"]

1. e4 e5 2. d4 exd4 3. Qxd4 Nc6 4. Qe3 Nf6 5. Bd2 g6 6. Nc3 Bg7 7. O-O-O O-O 8.
Qd3 d5 9. Nxd5 Nxd5 10. exd5 Bf5 11. Qc4 Ne5 12. Qb3 a5 13. a4 Ng4 14. Nh3 Qd6
15. f3 Nf6 16. g4 Bd7 17. Bf4 Qc5 18. Bc4 h5 19. Ng5 b5 20. Bxb5 hxg4 21. fxg4
Bxg4 22. Rd2 Nh5 23. Be3 Qe7 24. h4 Ng3 25. Re1 Nf5 26. Bf2 Qd8 27. Qc4 Bh5 28.
Qf4 Rb8 29. c4 Bf6 {Rest unleserlich} 1-0

[Event "2. Bundesliga West 2012/13"]
[Site "Bregenz"]
[Date "2013.01.12"]
[Round "7"]
[Board "6"]
[White "Muehlbacher, Bernhard"]
[Black "Walkner, Olga"]
[Result "1-0"]
[WhiteElo "2068"]
[BlackElo "2137"]
[PlyCount "0"]
[EventDate "2012.10.05"]
[EventType "team"]
[EventRounds "11"]
[EventCountry "AUT"]
[WhiteTeam "Rochade Rum"]
[BlackTeam "Mozart-Wals-Treuhand"]

1. c4 e5 2. g3 Nf6 3. Bg2 d6 4. Nc3 c6 5. d4 Qc7 6. e4 Be7 7. Nge2 Bg4 8. h3
Bxe2 9. Nxe2 Nbd7 10. O-O O-O 11. Be3 b5 12. cxb5 cxb5 13. Qd2 Rfc8 14. Rac1
Qb7 15. f3 Qa6 16. b3 Bd8 17. Rfd1 Bb6 18. Kh2 h6 19. f4 exd4 20. Bxd4 {
Rest unleserlich} 1-0

[Event "2. Bundesliga West 2012/13"]
[Site "Bregenz"]
[Date "2013.01.12"]
[Round "7"]
[Board "2"]
[White "Deglmann, Ludwig"]
[Black "Geske, Julian"]
[Result "1-0"]
[WhiteElo "2323"]
[BlackElo "2391"]
[PlyCount "0"]
[EventDate "2012.10.05"]
[EventType "team"]
[EventRounds "11"]
[EventCountry "AUT"]
[WhiteTeam "Schwaz"]
[BlackTeam "SIR Bernhard"]

1. d4 d5 2. c4 c6 3. Nf3 dxc4 4. e4 b5 5. a4 e6 6. axb5 cxb5 7. b3 Bb7 8. bxc4
Bxe4 9. Nbd2 Bb7 10. Qb3 b4 11. c5 a5 12. Nc4 Nc6 13. Nb6 Nxd4 14. Nxd4 Bxc5
15. Bb5+ Ke7 16. Bg5+ Nf6 17. Nf5+ exf5 18. Nd7 Bd4 19. O-O Ra6 20. Bxa6 Bxa6
21. Nxf6 gxf6 22. Rfe1+ Kd6 23. Rad1 Kc6 24. Be3 Re8 25. Rxd4 Qxd4 26. Rc1+ 1-0

[Event "2. Bundesliga West 2012/13"]
[Site "Bregenz"]
[Date "2013.01.12"]
[Round "7"]
[Board "3"]
[White "Mons, Leon"]
[Black "Fuchs, Georg"]
[Result "1-0"]
[WhiteElo "2338"]
[BlackElo "2308"]
[PlyCount "0"]
[EventDate "2012.10.05"]
[EventType "team"]
[EventRounds "11"]
[EventCountry "AUT"]
[WhiteTeam "SIR Bernhard"]
[BlackTeam "Schwaz"]

1. e4 e5 2. Bc4 Nf6 3. d3 d5 4. exd5 Nxd5 5. Nf3 Nc6 6. O-O Be7 7. Re1 Bg4 8.
h3 Bh5 9. Nbd2 O-O 10. c3 a6 11. Nf1 Nb6 12. Bb3 Nd7 13. Ng3 Bg6 14. Bd5 Re8
15. b4 Bf6 16. Ne4 Nb6 17. Bb3 Nd5 18. Bd2 b6 19. Nh2 Nf4 20. Bxf4 exf4 21.
Nxf6+ Qxf6 22. d4 h5 23. Qf3 Rad8 24. Nf1 Ne7 25. Ba4 c6 26. Nd2 Nd5 27. Bb3
Qf5 28. Nc4 Qd3 29. Qxd3 Bxd3 30. Ne5 Rxe5 31. dxe5 Nxc3 32. Kh2 c5 33. bxc5
bxc5 34. Rac1 Ne4 35. Rcd1 Nc3 36. Bc4 Nxd1 37. Rxd1 Bxc4 38. Rxd8+ Kh7 39. a4
Be2 40. Rd6 g5 41. f3 Kg7 42. Kg1 Kf8 43. Kf2 Bc4 44. Rc6 Ke7 45. Rxc5 Bd3 46.
Rc6 Ke8 47. h4 g4 48. fxg4 hxg4 49. Rf6 f3 50. gxf3 1-0